000 00296nam a2200145Ia 4500
100 _aWise/ H.H
650 _aGeneral
942 _cBK
654 _aRooms with View
245 _aRooms with a View
260 _bQuick fox
_aNew York
_c1978
082 _a747
300 _a95
546 _aENGLISH
999 _c25558
_d25558